Partnerships in urban property development (Record no. 110994)
[ view plain ]
| 000 -LEADER | |
|---|---|
| fixed length control field | 01236cam a22002535a 4500 |
| 001 - CONTROL NUMBER | |
| control field | L150826 |
| 008 - FIXED-LENGTH DATA ELEMENTS--GENERAL INFORMATION | |
| fixed length control field | 100907s2009 xxk f 000 0 eng d |
| 020 ## - INTERNATIONAL STANDARD BOOK NUMBER | |
| International Standard Book Number | 9781405111799 |
| 035 ## - SYSTEM CONTROL NUMBER | |
| System control number | (Sirsi) u150826 |
| 041 0# - LANGUAGE CODE | |
| Language code of text/sound track or separate title | eng |
| 050 04 - LIBRARY OF CONGRESS CALL NUMBER | |
| Classification number | 333.33 $2 18 |
| 100 1# - MAIN ENTRY--PERSONAL NAME | |
| Personal name | Dubben, Nigel |
| 245 00 - TITLE STATEMENT | |
| Title | Partnerships in urban property development |
| 260 ## - PUBLICATION, DISTRIBUTION, ETC. | |
| Place of publication, distribution, etc. | Oxford |
| Name of publisher, distributor, etc. | Wiley-Blackwell |
| Date of publication, distribution, etc. | 2009 |
| 300 ## - PHYSICAL DESCRIPTION | |
| Extent | xi, 254p. |
| Dimensions | 25cm. |
| 505 2# - FORMATTED CONTENTS NOTE | |
| Formatted contents note | The public and private sectors -- The property development process -- Partnership negotiations using property development appraisal techniques -- The private finance initiative -- Public-private partnerships in the urban development experience of Dublin -- Property funding partnerships -- Development partnerships and landowners -- International trends in public-private partnerships -- Economic background and future trends. |
| 520 ## - SUMMARY, ETC. | |
| Summary, etc. | Looks at partnerships in property development, focusing on the relationships between developers and landowners, developers and funders, and the use of private finance to provide public services. |
| 521 ## - TARGET AUDIENCE NOTE | |
| Target audience note | Advanced |
| 590 ## - LOCAL NOTE (RLIN) | |
| Local note | KA |
| 651 #4 - SUBJECT ADDED ENTRY--GEOGRAPHIC NAME | |
| Geographic name | United Kingdom |
| 690 ## - LOCAL SUBJECT ADDED ENTRY--TOPICAL TERM (OCLC, RLIN) | |
| Topical term or geographic name as entry element | PROPERTY-PROPERTY DEVELOPMENT |
| 700 1# - ADDED ENTRY--PERSONAL NAME | |
| Personal name | Williams, Brendan |
| 942 ## - ADDED ENTRY ELEMENTS (KOHA) | |
| Suppress in OPAC | 0 |
| Withdrawn status | Lost status | Source of classification or shelving scheme | Damaged status | Not for loan | Home library | Current library | Shelving location | Date acquired | Cost, normal purchase price | Total Checkouts | Full call number | Barcode | Date last seen | Copy number | Cost, replacement price | Price effective from | Koha item type |
|---|---|---|---|---|---|---|---|---|---|---|---|---|---|---|---|---|---|
| Dewey Decimal Classification | London | London | Books | 26/10/2010 | 38.65 | 333.33 DUB | 30075490 | 06/08/2019 | 1 | 38.65 | 06/08/2019 | Book |